[Event "Moscow Open 2009 A"]
[Site ""]
[Date "2009.02.07"]
[Round "8.125"]
[White "Gnydka, Yaroslav"]
[Black "Galiaev, Andrey"]
[Result "1-0"]
[WhiteElo "2098"]
[BlackElo "2288"]
[Annotator ""]
[Source ""]
[Remark ""]

1.e4 c5 2.Nf3 Nc6 3.Bb5 g6 4.O-O Bg7 5.Bxc6 bxc6 6.h3 Nf6 7.Re1
O-O 8.c3 h6 9.d4 cxd4 10.cxd4 d5 11.e5 Ne4 12.Nbd2 Nxd2 13.Bxd2
Qb6 14.Qc1 Kh7 15.Re3 a5 16.Rb3 Qc7 17.Qc5 e6 18.Rb6 Qa7 19.Rxc6
Kg8 20.a4 Qb8 21.Rb6 Qa7 22.Rb5 Bd7 23.Qxa7 Rxa7 24.Rxa5 Rb7
25.b4 Rc8 26.b5 Bf8 27.Rc1 Rcb8 28.Ra6 Kg7 29.Ba5 Ba3 30.Rc7
Bb2 31.Rd6 Be8 32.Rxb7 Rxb7 33.Rd8 Bd7 34.Bb4 f5 35.exf6+ Kxf6
36.Ne5 Bxb5 37.axb5 Bxd4 38.Ng4+ Kf5 39.Rf8+ Ke4 40.Nxh6 Rxb5
41.Bd2 Kd3 42.Bg5 e5 43.Ng4 e4 44.Rd8 Ke2 45.Ra8 Bb6 46.Ra2+
Kd3 47.Ne5+ Kc3 48.Re2 Bc7 49.Bf6 1-0

[Event "Moscow Open 2009 A"]
[Site ""]
[Date "2009.02.07"]
[Round "8.126"]
[White "Nefedov, Oleg"]
[Black "Antipov, Mikhail Al"]
[Result "0-1"]
[WhiteElo "1400"]
[BlackElo "2194"]
[Annotator ""]
[Source ""]
[Remark ""]

1.e4 e6 2.Nf3 d5 3.e5 c5 4.d4 Nc6 5.Bb5 Bd7 6.O-O Qb6 7.Bxc6
Bxc6 8.Nc3 cxd4 9.Nxd4 Bc5 10.Nb3 d4 11.Ne2 O-O-O 12.Nf4 Bb5
13.Nd3 Bxd3 14.cxd3 Rd5 15.Qf3 f5 16.exf6 Nxf6 17.Bd2 Bd6 18.Rfe1
Kd7 19.g3 Rf8 20.Qe2 Re5 21.Qd1 Rxe1+ 22.Bxe1 e5 23.Nd2 Rc8 24.Qa4+
Ke7 25.Nc4 Rxc4 26.Qxc4 Qxb2 27.Rc1 Nd5 28.Qc2 Qxc2 29.Rxc2 Kd7
30.Kf1 b5 31.Ke2 b4 32.Kf3 a5 33.Ke4 Nf6+ 34.Kf5 Nd5 35.Ke4 Nf6+
36.Kf5 Nd5 37.Bd2 g6+ 38.Kg5 Nc3 39.Kh6 a4 40.Kxh7 Ke6 41.Kxg6
Nxa2 42.Rxa2 b3 43.Bc1 bxa2 44.Bb2 e4 0-1

[Event "Moscow Open 2009 A"]
[Site ""]
[Date "2009.02.07"]
[Round "8.127"]
[White "Seliverstov, Vitaliy"]
[Black "Bochkov, Mikhail"]
[Result "1-0"]
[WhiteElo "2156"]
[BlackElo "1400"]
[Annotator ""]
[Source ""]
[Remark ""]

1.e4 Nf6 2.Nc3 d5 3.exd5 Nxd5 4.Bc4 c6 5.Qf3 e6 6.Nge2 Bd6 7.d3
Nd7 8.Bb3 f5 9.d4 O-O 10.Bf4 N7f6 11.O-O Qc7 12.Bxd6 Qxd6 13.Rad1
Bd7 14.Rfe1 Be8 15.Ng3 Bf7 16.Nce2 b5 17.Qd3 h5 18.Nf1 Rad8 19.h3
a5 20.c3 a4 21.Bc2 g6 22.Nh2 Rfe8 23.Nf3 Nd7 24.Qd2 Kg7 25.Qg5
Qe7 26.Qg3 Qf6 27.Nf4 Nxf4 28.Qxf4 Nb6 29.h4 a3 30.bxa3 Nd5 31.Qd2
e5 32.dxe5 Qe7 33.Bb3 Qxa3 34.Nd4 Qc5 35.e6 Bg8 36.Qg5 Nf6 37.e7
Rd5 38.Bxd5 1-0

[Event "Moscow Open 2009 A"]
[Site ""]
[Date "2009.02.07"]
[Round "8.128"]
[White "Tkachuk, Andrey"]
[Black "Matjukhin, Anatolij"]
[Result "1-0"]
[WhiteElo "2150"]
[BlackElo "1400"]
[Annotator ""]
[Source ""]
[Remark ""]

1.e4 e6 2.d4 d5 3.Nc3 Bb4 4.a3 Bxc3+ 5.bxc3 dxe4 6.Qg4 Nf6 7.Qxg7
Rg8 8.Qh6 Rg6 9.Qh4 c5 10.Ne2 Nc6 11.Bg5 cxd4 12.Rd1 h6 13.Bxh6
Qa5 14.Bd2 e3 15.fxe3 dxe3 16.Bxe3 Nd5 17.Bd2 Qxa3 18.Nd4 Qc5
19.Bb5 Nxc3 20.Qh8+ Ke7 21.Bg5+ f6 22.Nxc6+ Kf7 23.Nd8+ 1-0

[Event "Moscow Open 2009 A"]
[Site ""]
[Date "2009.02.07"]
[Round "8.129"]
[White "Mamedov, Elshad"]
[Black "Marchuk, Maxim"]
[Result "0-1"]
[WhiteElo "2129"]
[BlackElo "1400"]
[Annotator ""]
[Source ""]
[Remark ""]

1.c3 d5 2.d3 c6 3.Nd2 Bg4 4.h3 Bh5 5.g4 Bg6 6.Ngf3 Nd7 7.Nh4
e6 8.Nxg6 hxg6 9.Bg2 Bc5 10.e4 Ngf6 11.d4 Bb6 12.Qe2 Qc7 13.e5
Ng8 14.f4 Ne7 15.Nf3 O-O-O 16.b4 Rde8 17.Ng5 Rhf8 18.Be3 Kb8
19.O-O Nc8 20.Qd3 f6 21.Nh7 Rh8 22.Qxg6 fxe5 23.fxe5 Nxe5 24.Qc2
Nc4 25.Bf2 Qe7 26.Qg6 Bc7 27.Kh1 Qd6 28.Bg1 Ne3 29.Rf3 Nxg4 30.hxg4
e5 31.Qh5 g6 32.Qh4 Qe7 33.Qxe7 Rxe7 34.Be3 Rhxh7+ 35.Kg1 e4
36.Rf8 Bh2+ 37.Kf1 Rhf7+ 38.Rxf7 Rxf7+ 39.Ke2 Bf4 40.Rh1 g5 41.Rh5
Nd6 42.Rxg5 Bxg5 43.Bxg5 Rg7 44.Bf4 Kc7 45.g5 Kd7 46.Bh3+ Ke7
47.a4 Kf7 48.b5 cxb5 49.axb5 Nxb5 0-1

[Event "Moscow Open 2009 A"]
[Site ""]
[Date "2009.02.07"]
[Round "8.130"]
[White "Terekhov, Konstantin"]
[Black "Demin, Alexandr"]
[Result "0-1"]
[WhiteElo "2228"]
[BlackElo "2417"]
[Annotator ""]
[Source ""]
[Remark ""]

1.d4 Nf6 2.c4 g6 3.Nc3 Bg7 4.e4 O-O 5.Be3 d6 6.f3 Nbd7 7.Qd2
Re8 8.Nge2 e5 9.g4 exd4 10.Nxd4 Ne5 11.Be2 a6 12.O-O-O b5 13.g5
Nh5 14.cxb5 axb5 15.Bxb5 Bd7 16.f4 Bxb5 17.fxe5 Bd7 18.exd6 cxd6
19.Nde2 Be6 20.Kb1 Qa5 21.b3 Bxb3 22.Bd4 Bxd1 23.Rxd1 Reb8+ 24.Ka1
Bxd4 25.Nxd4 Rc8 26.Ndb5 Rc5 27.Rb1 Kg7 0-1

[Event "Moscow Open 2009 A"]
[Site ""]
[Date "2009.02.07"]
[Round "8.131"]
[White "Skvortsov, Mikhail S"]
[Black "Kim, Timur"]
[Result "1/2-1/2"]
[WhiteElo "2373"]
[BlackElo "2010"]
[Annotator ""]
[Source ""]
[Remark ""]

1.d4 c5 2.d5 e6 3.c4 exd5 4.cxd5 d6 5.Nc3 Nf6 6.Bg5 g6 7.e4 Bg7
8.Bd3 O-O 9.h3 h6 10.Bf4 Re8 11.Nge2 a6 12.a4 Qc7 13.O-O Nbd7
14.Qd2 Kh7 15.Rac1 1/2-1/2

[Event "Moscow Open 2009 A"]
[Site ""]
[Date "2009.02.07"]
[Round "8.133"]
[White "Popilski, Mordechai"]
[Black "Semin, Gennadiy"]
[Result "0-1"]
[WhiteElo "1400"]
[BlackElo "2171"]
[Annotator ""]
[Source ""]
[Remark ""]

1.d4 Nf6 2.Nf3 g6 3.g3 Bg7 4.Bg2 O-O 5.O-O d6 6.c4 Nc6 7.Nc3
e5 8.dxe5 dxe5 9.Qxd8 Rxd8 10.Bg5 Re8 11.Rad1 Bf5 12.Nh4 Be6
13.Nd5 Bxd5 14.cxd5 Nd4 15.Rfe1 Nd7 16.e4 c5 17.dxc6 bxc6 18.Be3
c5 19.Rc1 Rab8 20.b3 Bf8 21.Nf3 a5 22.Bd2 a4 23.Nxd4 cxd4 24.bxa4
Rb2 25.Red1 Nc5 26.f4 Rxa2 27.Ra1 Rxa4 28.Rxa4 Nxa4 29.fxe5 Rxe5
30.Ra1 Nb6 0-1

[Event "Moscow Open 2009 A"]
[Site ""]
[Date "2009.02.07"]
[Round "8.136"]
[White "Mukashev, Assan"]
[Black "Kapustin, Nikolay"]
[Result "1-0"]
[WhiteElo "2071"]
[BlackElo "1678"]
[Annotator ""]
[Source ""]
[Remark ""]

1.d4 d5 2.c4 c6 3.Nf3 Nf6 4.g3 dxc4 5.Bg2 h6 6.Ne5 Nbd7 7.Nxc4
Nb6 8.Ne5 Ng4 9.Nxg4 Bxg4 10.h3 Bh5 11.O-O e6 12.Nc3 Bd6 13.Qd3
Bg6 14.e4 O-O 15.Be3 Nd5 16.f4 Nxe3 17.Qxe3 Qd7 18.g4 Rae8 19.Qf2
Qe7 20.Rae1 f6 21.Kh1 Bc7 22.d5 Bb6 23.Qd2 Rd8 24.Qc1 Bd4 25.dxe6
h5 26.f5 Be8 27.Ne2 Be5 28.Rd1 Rxd1 29.Rxd1 h4 30.Qd2 Bc7 31.Bf1
b5 32.b4 a5 33.a3 axb4 34.axb4 c5 35.Nc3 c4 36.Nd5 Qd6 37.Nxf6+
gxf6 38.Qxd6 Bxd6 39.Rxd6 Kh7 40.Rd8 Rg8 41.Rc8 Kg7 42.Kg2 Kf8
43.e5 fxe5 44.f6 1-0

[Event "Moscow Open 2009 A"]
[Site ""]
[Date "2009.02.07"]
[Round "8.137"]
[White "Dambiev, Fedor"]
[Black "Lyubokhiner, Leonid M"]
[Result "0-1"]
[WhiteElo "1400"]
[BlackElo "1792"]
[Annotator ""]
[Source ""]
[Remark ""]

1.e4 c5 2.Nf3 Nc6 3.d4 cxd4 4.Nxd4 Nf6 5.Nc3 e6 6.f3 Bb4 7.Nb3
O-O 8.Bd2 d5 9.a3 Bxc3 10.Bxc3 e5 11.Bd3 dxe4 12.Bxe4 Nxe4 13.fxe4
Qh4+ 14.Kf1 Bg4 15.Qe1 Qh5 16.h3 f5 17.Kg1 Be2 18.Nc1 Bd1 19.Kh2
Bxc2 20.Ne2 f4 21.g4 Qg6 22.g5 Qxe4 23.Qf2 Rad8 24.Rae1 Qf5 25.Rhg1
Rd3 26.Rg4 Rd1 27.Reg1 Rxg1 28.Rxg1 Bd3 29.Nc1 Bc4 30.b3 Be6
31.Rg4 Qb1 0-1

[Event "Moscow Open 2009 A"]
[Site ""]
[Date "2009.02.08"]
[Round "9.25"]
[White "Kazhgaleyev, Murtas"]
[Black "Ipatov, Alexander"]
[Result "1-0"]
[WhiteElo "2630"]
[BlackElo "2493"]
[Annotator ""]
[Source ""]
[Remark ""]

1.d4 d5 2.c4 c6 3.Nc3 Nf6 4.e3 Bf5 5.cxd5 Nxd5 6.Nge2 Nxc3 7.Nxc3
g6 8.Bc4 Bc8 9.e4 Bg7 10.Be3 Bd7 11.Qd2 b5 12.Bb3 a5 13.a3 Ra6
14.Ne2 e5 15.Bh6 Qf6 16.Bxg7 Qxg7 17.dxe5 Qxe5 18.Rd1 a4 {Íåðàçáîð÷èâàÿ íîòàöèÿ}
 1-0

[Event "Moscow Open 2009 A"]
[Site ""]
[Date "2009.02.08"]
[Round "9.26"]
[White "Li, Chao B"]
[Black "Ajrapetjan, Yuriy"]
[Result "1/2-1/2"]
[WhiteElo "2628"]
[BlackElo "2490"]
[Annotator ""]
[Source ""]
[Remark ""]

1.e4 g6 2.d4 Bg7 3.Nc3 d6 4.f4 Nf6 5.Nf3 O-O 6.Be3 b6 7.Bc4 Nxe4
8.Nxe4 d5 9.Bd3 dxe4 10.Bxe4 c6 11.Ne5 Qc7 12.Qf3 Bd7 13.h4 f6
14.Nxg6 hxg6 15.Bxg6 f5 16.Qh5 Rf6 17.Rg1 1/2-1/2

[Event "Moscow Open 2009 A"]
[Site ""]
[Date "2009.02.08"]
[Round "9.27"]
[White "Mozharov, Mikhail"]
[Black "Volkov, Sergey"]
[Result "1/2-1/2"]
[WhiteElo "2475"]
[BlackElo "2627"]
[Annotator ""]
[Source ""]
[Remark ""]

1.d4 d5 2.c4 c6 3.cxd5 cxd5 4.Nf3 Nf6 5.Nc3 Nc6 6.Bf4 Nh5 7.Bd2
a6 8.e3 Nf6 9.Rc1 Bf5 10.Be2 e6 11.Nh4 Be4 12.Nxe4 Nxe4 13.Nf3
Bd6 14.O-O g6 15.Be1 Qb6 16.Qc2 Rd8 17.Qb1 Rc8 18.Bc3 1/2-1/2

[Event "Moscow Open 2009 A"]
[Site ""]
[Date "2009.02.08"]
[Round "9.28"]
[White "Danin, Alexandre"]
[Black "Kuzubov, Yuriy"]
[Result "1/2-1/2"]
[WhiteElo "2465"]
[BlackElo "2626"]
[Annotator ""]
[Source ""]
[Remark ""]

1.e4 c5 2.Nf3 Nc6 3.d4 cxd4 4.Nxd4 g6 5.c4 Nf6 6.Nc3 Nxd4 7.Qxd4
d6 8.Be2 Bg7 9.Be3 O-O 10.Qd2 Be6 11.f3 Rc8 12.Nd5 Nd7 13.O-O
a5 14.Rac1 Nc5 15.b3 Re8 16.Rfd1 h5 17.Bf1 Kh7 18.Kh1 Rc6 19.Qe1
Rc8 20.Bd2 Ra8 21.Bg5 Bxd5 22.cxd5 Qb6 23.Rc4 Bh6 24.Bxh6 Kxh6
25.e5 Kh7 26.f4 Rad8 27.Qh4 Kg7 28.Be2 dxe5 29.fxe5 Nd7 30.Qg3
f6 31.exf6+ Nxf6 32.Bf3 Qd6 33.Qe1 Ra8 34.Qc3 a4 35.b4 Rad8 36.Qc2
Qe5 1/2-1/2

[Event "Moscow Open 2009 A"]
[Site ""]
[Date "2009.02.08"]
[Round "9.30"]
[White "Fedorov, Alexei"]
[Black "Onischuk, Vladimir"]
[Result "1-0"]
[WhiteElo "2619"]
[BlackElo "2487"]
[Annotator ""]
[Source ""]
[Remark ""]

1.e4 g6 2.d4 Bg7 3.Nf3 d6 4.c3 Nf6 5.Bd3 O-O 6.O-O c5 7.dxc5
dxc5 8.h3 Qc7 9.Qe2 Nc6 10.Re1 Rd8 11.Bc2 a6 12.Nbd2 e5 13.a4
h6 14.Nb3 Nb8 15.Nfd2 Be6 16.Nc4 Nbd7 17.a5 Nh5 18.Be3 Nf4 19.Qf1
Rdc8 20.Red1 Bf8 21.Nbd2 b5 22.axb6 Nxb6 23.Bb3 Nd7 24.Nf3 Rcb8
25.Ba2 Bg7 26.Rd2 a5 27.Nd6 Bxa2 28.Rxa2 Ne6 29.Nc4 Nb6 30.Rd1
Nxc4 31.Qxc4 Rd8 32.Rd5 Qb7 33.b3 a4 34.Rxa4 Rab8 35.Nd2 Rbc8
36.Ra6 Kh7 37.Qa4 Rc7 38.Kh2 Nd4 39.b4 Nb5 40.Rxc5 Nxc3 41.Qa5
Rxc5 42.bxc5 Ne2 43.Rb6 Qc7 44.Qb4 Rf8 45.Rb7 Qc8 46.Nc4 Nd4
47.Nd6 1-0

[Event "Moscow Open 2009 A"]
[Site ""]
[Date "2009.02.08"]
[Round "9.31"]
[White "Svetushkin, Dmitry"]
[Black "Dvalishvili, Pavel S"]
[Result "1/2-1/2"]
[WhiteElo "2593"]
[BlackElo "2480"]
[Annotator ""]
[Source ""]
[Remark ""]

1.d4 Nf6 2.c4 e6 3.Nf3 b6 4.Nc3 Bb7 5.Bg5 Bb4 6.Nd2 h6 7.Bh4
Be7 8.e4 d6 9.Bg3 Nbd7 10.f4 O-O 11.Be2 e5 12.fxe5 dxe5 13.dxe5 1/2-1/2

[Event "Moscow Open 2009 A"]
[Site ""]
[Date "2009.02.08"]
[Round "9.32"]
[White "Smirnov, Pavel"]
[Black "Bezgodov, Alexei"]
[Result "1/2-1/2"]
[WhiteElo "2579"]
[BlackElo "2475"]
[Annotator ""]
[Source ""]
[Remark ""]

1.e4 e5 2.Nf3 Nc6 3.Bb5 Nf6 4.O-O Nxe4 5.d4 Nd6 6.Bxc6 dxc6 7.dxe5
Nf5 8.Qxd8+ Kxd8 9.Nc3 Ke8 10.h3 b6 11.Rd1 Bb4 12.Ne2 Be7 13.g4
Nh4 14.Nxh4 Bxh4 15.Bf4 c5 16.Nc3 Be6 17.Kg2 Rd8 18.Nb5 1/2-1/2

[Event "Moscow Open 2009 A"]
[Site ""]
[Date "2009.02.08"]
[Round "9.33"]
[White "Yemelin, Vasily"]
[Black "Slugin, Sergey"]
[Result "1-0"]
[WhiteElo "2578"]
[BlackElo "2436"]
[Annotator ""]
[Source ""]
[Remark ""]

1.e4 c6 2.d4 d5 3.e5 Bf5 4.Nf3 e6 5.Be2 Nd7 6.O-O h6 7.Nbd2 Ne7
8.Nb3 Rc8 9.Bd2 c5 10.Nxc5 Nxc5 11.dxc5 Rxc5 12.Nd4 a6 13.Bb4
Rc8 14.Bxe7 Bxe7 15.Nxf5 exf5 16.Bf3 Rc5 17.b4 Rc7 18.a3 Rd7
19.Qd4 O-O 20.Rad1 Rc7 21.Bxd5 Rxc2 22.Qd3 Qc7 23.Qxf5 Re2 24.Be4
g6 25.Qf3 Rb2 26.e6 Qe5 27.exf7+ Kg7 28.Bd5 a5 29.Rfe1 Qf6 30.Qxf6+
Bxf6 31.bxa5 Rb5 32.g3 Rxa5 33.Rd3 Bb2 34.Rb1 Rxa3 35.Rxa3 Bxa3
36.Rxb7 1-0

[Event "Moscow Open 2009 A"]
[Site ""]
[Date "2009.02.08"]
[Round "9.34"]
[White "Chuprov, Dmitry"]
[Black "Grishchenko, Sergey"]
[Result "0-1"]
[WhiteElo "2571"]
[BlackElo "2423"]
[Annotator ""]
[Source ""]
[Remark ""]

1.e4 c6 2.d4 d5 3.e5 c5 4.Ne2 Nc6 5.c3 Bg4 6.dxc5 Nxe5 7.Qd4
f6 8.Nf4 Nc6 9.Qxd5 e5 10.h3 Bf5 11.Bc4 Qd7 12.Ne6 Bxe6 13.Qxe6+
Qxe6 14.Bxe6 Bxc5 15.b4 Nxb4 16.cxb4 Bd4 17.Nd2 Bxa1 18.Ne4 Ke7
19.Bb3 f5 20.Ng5 Bc3+ 21.Ke2 Bxb4 22.Ne6 g6 23.Bg5+ Nf6 24.Rc1
Bd6 25.Rd1 Rad8 26.Nxd8 Rxd8 27.g4 Bc7 28.Rc1 Bb6 29.gxf5 gxf5
30.Rc4 h6 31.Bxh6 Rh8 32.Rh4 Kd6 33.f4 e4 34.Bg5 Rxh4 35.Bxh4
Nh5 36.Bg5 Ng3+ 37.Kd1 Be3 38.Bf7 b5 39.Bh6 Bf2 40.Bf8+ Kc6 41.Be8+
Kb6 42.Bb4 e3 43.Be1 a6 44.h4 Kc5 45.h5 Kd4 46.h6 Kd3 0-1

[Event "Moscow Open 2009 A"]
[Site ""]
[Date "2009.02.08"]
[Round "9.35"]
[White "Zubarev, Alexander"]
[Black "Hovhannisyan, Robert"]
[Result "1/2-1/2"]
[WhiteElo "2566"]
[BlackElo "2402"]
[Annotator ""]
[Source ""]
[Remark ""]

1.d4 d5 2.c4 c6 3.Nc3 Nf6 4.Nf3 e6 5.e3 Nbd7 6.Qc2 Bd6 7.Bd3
O-O 8.O-O dxc4 9.Bxc4 b5 10.Be2 Bb7 11.Rd1 Qb8 12.e4 c5 13.e5
cxd4 14.exf6 dxc3 15.fxg7 Rc8 16.bxc3 Ne5 17.Ng5 Ng6 18.g3 Be5
19.Rb1 Rxc3 20.Qd2 Qc7 21.Qd7 Bxg7 22.Bb2 1/2-1/2

[Event "Moscow Open 2009 A"]
[Site ""]
[Date "2009.02.08"]
[Round "9.37"]
[White "Yakovich, Yuri"]
[Black "Tenikashvili, Georgij"]
[Result "1-0"]
[WhiteElo "2556"]
[BlackElo "2324"]
[Annotator ""]
[Source ""]
[Remark ""]

1.d4 d5 2.c4 dxc4 3.e3 c5 4.Bxc4 cxd4 5.Nf3 e6 6.exd4 Nf6 7.O-O
Be7 8.Nc3 O-O 9.Re1 Nc6 10.a3 a6 11.Ba2 b5 12.d5 exd5 13.Nxd5
Nxd5 14.Qxd5 Bb7 15.Qh5 g6 16.Qh6 Nd4 17.Ng5 Bxg5 18.Bxg5 Qb6
19.Rad1 Nf5 20.Qh3 h5 21.Bb1 Ng7 22.Be7 Rfe8 23.Ba2 Bc8 24.Qf3
Be6 25.Bxe6 fxe6 26.Rd7 1-0

[Event "Moscow Open 2009 A"]
[Site ""]
[Date "2009.02.08"]
[Round "9.38"]
[White "Gochelashvili, David"]
[Black "Chernyshov, Konstantin"]
[Result "0-1"]
[WhiteElo "2447"]
[BlackElo "2544"]
[Annotator ""]
[Source ""]
[Remark ""]

1.d4 d6 2.Nf3 Bg4 3.Nbd2 Nf6 4.h3 Bh5 5.g4 Bg6 6.Bg2 c6 7.Nh4
e5 8.Nxg6 hxg6 9.dxe5 dxe5 10.Nc4 Qxd1+ 11.Kxd1 Nbd7 12.c3 Nd5
13.Kc2 N5b6 14.Ne3 Bc5 15.a4 a5 16.b3 O-O-O 17.Bd2 Nf8 18.b4
Bxe3 19.Bxe3 Nc4 20.bxa5 Nxe3+ 21.fxe3 Kc7 22.a6 bxa6 23.a5 Ne6
24.Ra4 Rd6 25.Rd1 Rxd1 26.Kxd1 Nc5 27.Rb4 f5 28.Ke1 e4 29.Kf2
Rd8 30.Rd4 Nb7 31.h4 c5 32.Rxd8 Kxd8 33.h5 Ke7 34.hxg6 Kf6 35.Kg3
Ke5 36.gxf5 Kxf5 37.Bh3+ Ke5 38.Bc8 Nxa5 39.Bxa6 Nc6 40.Bc4 Ne7
41.Bf7 Kf5 0-1

[Event "Moscow Open 2009 A"]
[Site ""]
[Date "2009.02.08"]
[Round "9.39"]
[White "Krivoborodov, Egor"]
[Black "Maslak, Konstantin"]
[Result "1/2-1/2"]
[WhiteElo "2436"]
[BlackElo "2541"]
[Annotator ""]
[Source ""]
[Remark ""]

1.e4 e6 2.d4 d5 3.Nc3 Nf6 4.Bg5 dxe4 5.Nxe4 Nbd7 6.Nxf6+ Nxf6
7.Nf3 h6 8.Be3 Nd5 9.Bd3 Nxe3 10.fxe3 Bd6 11.Qe2 Qe7 12.e4 e5
13.d5 O-O 14.O-O g6 15.Rae1 Kg7 16.Kh1 a6 17.c4 Bd7 18.Qc2 Bc5
19.Nd2 a5 20.Nb1 h5 21.Nc3 Ra6 22.Nb5 Bxb5 23.cxb5 Rf6 24.Rxf6
Kxf6 25.Rc1 b6 26.Rf1+ Kg7 27.Qe2 Bd4 28.b3 Bc5 29.Qf3 Qg5 30.Qg3
Qxg3 31.hxg3 Kh6 32.Kh2 1/2-1/2

[Event "Moscow Open 2009 A"]
[Site ""]
[Date "2009.02.08"]
[Round "9.41"]
[White "Geller, Jakov"]
[Black "Aldokhin, Ivan"]
[Result "1/2-1/2"]
[WhiteElo "2523"]
[BlackElo "2251"]
[Annotator ""]
[Source ""]
[Remark ""]

1.e4 c5 2.Nf3 e6 3.d4 cxd4 4.Nxd4 a6 5.Bd3 Qc7 6.O-O Nf6 7.Qe2
d6 8.c4 g6 9.Nc3 Bg7 10.Nf3 O-O 11.Bf4 Nc6 12.Rad1 Nd7 13.Qe3
Nde5 14.Rfe1 Nxf3+ 15.Qxf3 Ne5 16.Qe3 b6 17.Be2 Rb8 18.Bh6 Bxh6
19.Qxh6 Bb7 20.f4 Nd7 21.Rd3 Nc5 22.Rh3 f5 23.exf5 Rxf5 24.Bg4
Rf6 25.b4 1/2-1/2

[Event "Moscow Open 2009 A"]
[Site ""]
[Date "2009.02.08"]
[Round "9.42"]
[White "Rakhimgaliyev, Erlan"]
[Black "Pridorozhni, Aleksei"]
[Result "0-1"]
[WhiteElo "2272"]
[BlackElo "2515"]
[Annotator ""]
[Source ""]
[Remark ""]

1.e4 c5 2.c3 d5 3.exd5 Qxd5 4.d4 Nc6 5.Nf3 Bg4 6.Be2 cxd4 7.cxd4
e6 8.Nc3 Qa5 9.O-O Nf6 10.h3 Bh5 11.Qb3 Qb4 12.Qxb4 Nxb4 {Íåðàçáîð÷èâàÿ íîòàöèÿ}
 0-1

[Event "Moscow Open 2009 A"]
[Site ""]
[Date "2009.02.08"]
[Round "9.43"]
[White "Nukin, Ashat"]
[Black "Kharlov, Andrei"]
[Result "0-1"]
[WhiteElo "2270"]
[BlackElo "2511"]
[Annotator ""]
[Source ""]
[Remark ""]

1.e4 d5 2.exd5 Nf6 3.d4 Nxd5 4.Nf3 Bg4 5.c4 Nb6 6.c5 Nd5 7.Qb3
Bc8 8.Nc3 Nxc3 9.bxc3 e6 10.Bd3 Nd7 11.Qc2 g6 12.h4 Nf6 13.Bg5
h6 14.Bxg6 hxg5 15.Nxg5 fxg6 16.Qxg6+ Kd7 17.Nf7 Qe7 18.Nxh8
Qg7 19.Qxg7+ Bxg7 20.Ng6 b6 21.h5 Bh6 22.Ne5+ Ke8 23.c6 Ba6 24.g4
Ne4 25.f4 Bxf4 26.h6 Bg3+ 27.Kd1 Bxe5 28.dxe5 Nf2+ 29.Kc2 Nxh1
30.Rxh1 Kf7 31.Rd1 Kg6 32.Rd7 Kxh6 33.Kb3 Rd8 34.Re7 Kg5 35.Rxe6
Be2 36.Re7 Bxg4 37.Kc4 a6 0-1

[Event "Moscow Open 2009 A"]
[Site ""]
[Date "2009.02.08"]
[Round "9.44"]
[White "Tilicheev, Viacheslav"]
[Black "Tunik, Gennady"]
[Result "1/2-1/2"]
[WhiteElo "2242"]
[BlackElo "2506"]
[Annotator ""]
[Source ""]
[Remark ""]

1.d4 Nf6 2.c4 e6 3.Nc3 Bb4 4.f3 d5 5.a3 Be7 6.e4 dxe4 7.fxe4
e5 8.d5 Bc5 9.Nf3 Bg4 10.Bd3 Nbd7 11.h3 Bxf3 12.Qxf3 O-O 13.Bd2
Ne8 14.O-O-O a5 15.g4 Nd6 16.Be3 a4 17.Rdf1 Bxe3+ 18.Qxe3 b6
19.h4 Nc5 20.Kb1 Qc8 21.g5 Qa6 22.Nb5 Nxb5 23.cxb5 Qc8 24.Rf5
Qd7 25.h5 Qe7 26.h6 g6 27.Rf6 Rad8 28.Bc2 Rd6 29.Rf3 Qe8 30.Qe2
Qd7 31.Rhf1 Qe7 32.Qe3 Qd7 33.Qe2 1/2-1/2

[Event "Moscow Open 2009 A"]
[Site ""]
[Date "2009.02.08"]
[Round "9.45"]
[White "Sargissian, Gabriel"]
[Black "Potapov, Pavel"]
[Result "1-0"]
[WhiteElo "2677"]
[BlackElo "2414"]
[Annotator ""]
[Source ""]
[Remark ""]

1.d4 d5 2.c4 e5 3.dxe5 d4 4.Nf3 Nc6 5.a3 Nge7 6.b4 Ng6 7.Bb2
a5 8.b5 Ncxe5 9.Bxd4 Nxc4 10.e3 Be6 11.Qc2 Nd6 12.Bd3 Qd7 13.Nc3
Nf5 14.O-O Bd6 15.Ne4 Nxd4 16.Nxd4 O-O 17.Nc5 Bxc5 18.Qxc5 Qd6
19.Rfc1 Rac8 20.Be4 b6 21.Qxd6 cxd6 22.Bxg6 hxg6 23.Rc6 Rxc6
24.bxc6 Bc4 25.Rc1 1-0

[Event "Moscow Open 2009 A"]
[Site ""]
[Date "2009.02.08"]
[Round "9.47"]
[White "Nyudleev, Dolgan"]
[Black "Grigoriants, Sergey"]
[Result "1/2-1/2"]
[WhiteElo "2397"]
[BlackElo "2565"]
[Annotator ""]
[Source ""]
[Remark ""]

1.e4 c5 2.Nf3 e6 3.d4 cxd4 4.Nxd4 Nf6 5.Nc3 d6 6.Be2 a6 7.O-O
Qc7 8.f4 Be7 9.Be3 O-O 10.Kh1 b5 11.a3 Bb7 12.Bd3 Nbd7 13.Qf3
Rfe8 14.Rae1 Bf8 15.Qh3 Nc5 16.Bg1 g6 17.Nf3 Bg7 18.f5 exf5 19.exf5
Nxd3 20.cxd3 Rxe1 21.Rxe1 1/2-1/2

[Event "Moscow Open 2009 A"]
[Site ""]
[Date "2009.02.08"]
[Round "9.48"]
[White "Iljushin, Alexei"]
[Black "Novichkov, Valery"]
[Result "1-0"]
[WhiteElo "2564"]
[BlackElo "2400"]
[Annotator ""]
[Source ""]
[Remark ""]

1.d4 Nf6 2.c4 e6 3.g3 Bb4+ 4.Bd2 Qe7 5.Bg2 O-O 6.Nf3 Bxd2+ 7.Qxd2
d6 8.Nc3 e5 9.O-O Re8 10.e4 Bg4 11.d5 a5 12.Ne1 Na6 13.Nd3 c6
14.f4 Bd7 15.Rae1 Nb4 16.Nf2 Ng4 17.Nxg4 Bxg4 18.f5 f6 19.h3
Bh5 20.Re3 Qc7 21.g4 Bf7 22.a3 Na6 23.Rg3 h6 24.h4 Qb6+ 25.Rf2
Qd4 26.g5 hxg5 27.hxg5 Kf8 28.Rd3 Qxc4 29.gxf6 gxf6 30.dxc6 Nc5
31.Rxd6 Ke7 32.cxb7 Nxb7 33.Rd7+ 1-0

[Event "Moscow Open 2009 A"]
[Site ""]
[Date "2009.02.08"]
[Round "9.49"]
[White "Agaragimov, Djakhangir"]
[Black "Rakhmanov, Aleksandr"]
[Result "1/2-1/2"]
[WhiteElo "2393"]
[BlackElo "2541"]
[Annotator ""]
[Source ""]
[Remark ""]

1.d4 Nf6 2.c4 g6 3.Nc3 d5 4.Qb3 dxc4 5.Qxc4 Bg7 6.e4 O-O 7.Nf3
c6 8.Be2 b5 9.Qb3 a5 10.Qc2 a4 11.Bf4 Be6 12.Bd2 Bg4 13.Ne5 Be6
14.Nf3 a3 15.b4 Nfd7 16.O-O Nb6 17.Rfd1 Bc4 18.Bc1 N8d7 19.Rb1
Qc7 20.Nd2 Bxe2 21.Nxe2 e5 22.d5 Rfc8 23.d6 Qxd6 24.Nc4 Qe6 25.Nd6
Rcb8 26.Rb3 Bf8 27.Rbd3 Nf6 28.f4 exf4 29.Nxf4 Qe5 30.Qxc6 Bxd6
31.Rxd6 Nxe4 32.R6d4 1/2-1/2

[Event "Moscow Open 2009 A"]
[Site ""]
[Date "2009.02.08"]
[Round "9.51"]
[White "Zinchenko, Yaroslav"]
[Black "Reutsky, Sergei"]
[Result "1/2-1/2"]
[WhiteElo "2527"]
[BlackElo "2381"]
[Annotator ""]
[Source ""]
[Remark ""]

1.e4 e6 2.d4 d5 3.Nd2 Nf6 4.e5 Nfd7 5.c3 c5 6.f4 Nc6 7.Ndf3 Qb6
8.h4 cxd4 9.cxd4 Bb4+ 10.Kf2 f6 11.Be3 Be7 12.Qd2 O-O 13.Ne2
fxe5 14.fxe5 Qa5 15.Qc2 Ncxe5 16.dxe5 Nxe5 17.Bd4 Ng4+ 18.Kg1
Bd6 19.Ng5 Rf5 20.g3 Bd7 21.Bh3 Rc8 22.Qd3 h5 23.Bxg4 hxg4 24.Rh2
e5 25.Rf2 g6 26.Be3 Rcf8 27.Rd1 Bc6 28.Nc3 Bc5 29.Nxd5 e4 30.Qc4
Rxd5 31.Bxc5 Qxc5 32.Qxc5 Rxd1+ 33.Kh2 Rxf2+ 34.Qxf2 Rh1+ 35.Kxh1
e3+ 36.Kg1 exf2+ 1/2-1/2

[Event "Moscow Open 2009 A"]
[Site ""]
[Date "2009.02.08"]
[Round "9.52"]
[White "Ageichenko, Genadi A"]
[Black "Novikov, Stanislav"]
[Result "0-1"]
[WhiteElo "2367"]
[BlackElo "2523"]
[Annotator ""]
[Source ""]
[Remark ""]

1.d4 g6 2.c4 Bg7 3.Nc3 Nf6 4.e4 d6 5.f3 O-O 6.Be3 Nc6 7.Nge2
a6 8.Qd2 Bd7 9.Nc1 e5 10.Nb3 exd4 11.Nxd4 Re8 12.Be2 Nxd4 13.Bxd4
b5 14.Nd5 bxc4 15.Bxf6 Bxf6 {Íåðàçáîð÷èâàÿ íîòàöèÿ} 0-1

[Event "Moscow Open 2009 A"]
[Site ""]
[Date "2009.02.08"]
[Round "9.53"]
[White "Rychagov, Andrey"]
[Black "Moiseev, Gumar"]
[Result "1-0"]
[WhiteElo "2514"]
[BlackElo "2380"]
[Annotator ""]
[Source ""]
[Remark ""]

1.d4 Nf6 2.c4 e6 3.Nc3 d5 4.Bg5 Nbd7 5.e3 c6 6.Nf3 Be7 7.Qc2
a6 8.a4 b6 9.Bd3 Bb7 10.O-O dxc4 11.Bxc4 c5 12.Qe2 O-O 13.Rfd1
h6 14.Bh4 Ne4 15.Nxe4 Bxe4 16.Bxe7 Qxe7 17.Bxa6 Bxf3 18.gxf3
cxd4 19.Bb5 Ne5 20.f4 Ng6 21.Rxd4 Rfc8 22.Rad1 Qf6 23.Bd3 Ra5
24.Be4 Rac5 25.Qd2 Nf8 26.b4 Rh5 27.Rd8 1-0

[Event "Moscow Open 2009 A"]
[Site ""]
[Date "2009.02.08"]
[Round "9.54"]
[White "Petrosian, Davit G"]
[Black "Stukopin, Andrey"]
[Result "1-0"]
[WhiteElo "2477"]
[BlackElo "2357"]
[Annotator ""]
[Source ""]
[Remark ""]

1.e4 c5 2.d3 Nc6 3.f4 g6 4.Nf3 Bg7 5.g3 d6 6.Bg2 e6 7.O-O Nge7
8.c3 O-O 9.Be3 b6 10.Re1 Ba6 11.Bf2 Qd7 12.Na3 Rac8 13.Nc2 Rfd8
14.h4 b5 15.a3 Bb7 16.h5 a5 17.hxg6 hxg6 18.Ng5 b4 19.Qd2 bxc3
20.bxc3 a4 21.Rab1 Na5 22.Ne3 Nb3 23.Qc2 Qc7 24.Rf1 d5 25.Ng4
dxe4 26.dxe4 Ba6 27.Rfe1 Rd7 28.Red1 Rcd8 29.e5 Bc4 30.Be4 Bd5
31.Nf6+ Bxf6 32.exf6 Nf5 33.Be1 Ng7 34.Bxg6 1-0